000 00508cam a22002051 4500
001 sa 66004463
003 DLC
005 20260227112242.0
008 940606s1964 ii 000 1 malo
010 _asa 66004463
025 _aPL480:I-Mal-605
035 _a(OCoLC)30562680
040 _aDLC
_cCU
_dCU
_dDLC
050 0 0 _aPL4718.9.U58
_bV5
100 1 _aUnnithan, Tharayil Divakaran.
245 1 0 _aVilayādhāraṃ.
260 _a[n.p.,
_c1964]
300 _a149 p.
_c19 cm.
500 _aIn Malayalam.
999 _c69438
_d69438